Best Episodes of The Walking Dead - Statistics

General Stats
  • This quiz has been taken 84 times
    82 since last reset
  • The average score is 10 of 20
Answer Stats
Season Episode Rating Description Episode % Correct
1 1 9.2 Deputy Sheriff Rick Grimes awakens from a coma, and searches for his family in a world ravaged by the undead. Days Gone Bye
86%
7 1 9.2 Having been brutally overpowered by Negan and his Saviors, Rick and the group kneel helplessly as they suffer heavy losses that will haunt them forever. The Day Will Come When You Won't Be
68%
5 1 9.6 Carol takes drastic action to rescue Rick and the group from the cannibals of Terminus as she and Tyreese reach the compound. A familiar face makes a return. No Sanctuary
67%
4 16 9.1 Rick, Carl and Michonne cross paths with the Claimers once again on the way to Terminus, as the so-called sanctuary begins to reveal its true face. A
63%
4 8 9.6 Rick and the group face imminent danger as The Governor tries to take the prison. Too Far Gone
58%
2 12 9.1 Shane's antagonistic behaviour reaches new heights, while Carl suffers the consequences of his actions. Better Angels
56%
6 9 9.6 Daryl, Abraham and Sasha face-off against the Saviors. Back at Alexandria, Rick and his group make their way through the herd. No Way Out
54%
10 22 9.2 Carol takes Negan on a journey, hoping to minimize the increasing tension. Negan reflects on the events that led him to this point and comes to a conclusion about his future. Here's Negan
51%
3 4 9.3 Lori goes into labour when the prison comes under attack. Michonne tries to convince Andrea to leave Woodbury. Killer Within
51%
2 7 9.2 Glenn tells the rest of the group about the walkers in the barn, dividing them on what to do. Meanwhile, Hershel sets a deadline for the group to leave, unless Rick does a difficult task. Pretty Much Dead Already
49%
9 15 9.3 The four communities come together in celebration at the Kingdom's fair, but while some pacts are renewed, others come at a much steeper price. The Calm Before
46%
9 5 9.2 Rick is forced to face the past as he struggles to maintain the safety of the communities and protect the future he and Carl envisioned. What Comes After
46%
2 13 9.2 As the farm is overrun by walkers, the group fights to escape. Beside the Dying Fire
44%
4 14 9.2 Carol has to cope with old secrets and Lizzie's psychotic behavior when she, Tyreese and the girls take refuge in a vacant house on the way to Terminus. The Grove
44%
5 3 9.0 With Bob's life hanging in the balance, the group prepares to fight back against Gareth and his group of cannibals. Four Walls and a Roof
42%
5 16 9.2 Daryl and Aaron cross paths with Morgan. Back at the safe-zone, the people of Alexandria decide what to do with Rick, as a new danger emerges. Conquer
40%
6 2 9.2 While Rick and his group lure the herd away, Carol and Morgan lead a line of defense against the Wolves when Alexandria comes under attack. JSS
40%
6 3 9.2 With half of the herd out of control, Glenn and Michonne lead Nicholas and their group back to Alexandria, as Rick crosses paths with the surviving members of the Wolves. Thank You
33%
6 12 9.0 Rick leads a surprise attack against the Saviors with the joint forces of Alexandria and the Hilltop. As two group members end up captured, Tara and Heath leave on a two-week supply run. Not Tomorrow Yet
23%
10 12 9.0 The survivors try to escape from the Whisperer's walkers horde after the battle of Hilltop. Walk with Us
19%
No matching quizzes found
Score Distribution
Percent of People with Each Score
Percentile by Number Answered
Your Score History
You have not taken this quiz since the last reset